| 000 | 00635nam a22002417a 4500 | ||
|---|---|---|---|
| 999 |
_c1904 _d1904 |
||
| 001 | 1904 | ||
| 003 | BD-JhCC | ||
| 005 | 20200212134008.0 | ||
| 008 | 171026s1996 cn ||||| |||| 00| 0 eng d | ||
| 020 | _a0471132802 | ||
| 035 | _a(BD-JhCC) 1904 | ||
| 040 |
_aBD-JhCC _dBD-JhCC |
||
| 041 | _aeng | ||
| 082 |
_a650.1 _bHIC 1996 |
||
| 100 | _aHickman, Craing | ||
| 245 |
_aThe Fourth Dimension / _bCraig Hickman _cCraig Bott |
||
| 260 |
_aCanada : _bJohn wiley & Sons, Inc. _c1996. |
||
| 300 |
_a222 p. : _c22 cm. |
||
| 650 | _aSuccess in business | ||
| 700 |
_aHickman, Craig _qBott, Craig |
||
| 942 |
_2ddc _cBK _02 |
||